Statistics for the behavioral sciences
Saved in:
| Main Author: | |
|---|---|
| Other Authors: | |
| Format: | Book |
| Language: | English |
| Published: |
Australia :
Wadsworth Thomson Learning,
c2000
|
| Edition: | 5th ed. |
| Subjects: | |
| Tags: |
Add Tag
No Tags, Be the first to tag this record!
|
MARC
| LEADER | 00000cam a2200000 i 4500 | ||
|---|---|---|---|
| 001 | 1/17347 | ||
| 008 | 010220s2000 eng d | ||
| 020 | |a 0-534-35926-4 | ||
| 035 | |l 10066099 | ||
| 040 | |a GR-MY-UA |b gre |e aacr | ||
| 041 | 0 | |a eng | |
| 082 | 0 | |a 519.50243 | |
| 100 | 1 | |a Gravetter, Frederic J. | |
| 245 | 1 | 0 | |a Statistics for the behavioral sciences / |c Frederic J. Gravetter, Larry B. Wallnau |
| 250 | |a 5th ed. | ||
| 260 | |a Australia : |b Wadsworth Thomson Learning, |c c2000 | ||
| 300 | |a xv, 751 p. | ||
| 504 | |a Includes bibliographical references and index | ||
| 650 | 0 | 0 | |a Psychology |x Statistical methods. |
| 700 | 1 | |a Wallnau, Larry B. | |
| 852 | |a INST |b CHIOS |e 20010220 |h 519.50243 GRA |p 005200016857 |q 005200016857 |t BK |y 0 | ||
| 901 | |a BIBL2-2001-1 | ||
| 909 | |a Χ |b 082982 | ||
| 970 | |a ΣΠΕΝΤΖΑ |b ΕΛΕΝΗ |z 2001/02/20 | ||